TEXTBOOK OF PHARMACEUTICAL DRUG ANALYSIS (Record no. 7076)
[ view plain ]
| 000 -LEADER | |
|---|---|
| fixed length control field | 00328nam a2200133Ia 4500 |
| 008 - FIXED-LENGTH DATA ELEMENTS--GENERAL INFORMATION | |
| fixed length control field | 150301s2015 xx 000 0 und d |
| 082 ## - DEWEY DECIMAL CLASSIFICATION NUMBER | |
| Classification number | 615.19 |
| Item number | P13A |
| 100 ## - MAIN ENTRY--PERSONAL NAME | |
| Personal name | M. ZAFFER AHMAD |
| 245 ## - TITLE STATEMENT | |
| Title | TEXTBOOK OF PHARMACEUTICAL DRUG ANALYSIS |
| 260 ## - PUBLICATION, DISTRIBUTION, ETC. (IMPRINT) | |
| Name of publisher, distributor, etc. | CBS- DELHI |
| 300 ## - PHYSICAL DESCRIPTION | |
| Extent | 252 |
| 650 ## - SUBJECT ADDED ENTRY--TOPICAL TERM | |
| Topical term or geographic name as entry element | DRUG ANALYSIS |
| 942 ## - ADDED ENTRY ELEMENTS (KOHA) | |
| Source of classification or shelving scheme | Dewey Decimal Classification |
| Koha item type | Books |
| Koha issues (borrowed), all copies | 1 |
| Withdrawn status | Lost status | Source of classification or shelving scheme | Damaged status | Not for loan | Collection code | Home library | Current library | Date acquired | Source of acquisition | Cost, normal purchase price | SGTU | Bill Number | Total Checkouts | Full call number | Barcode | Date last seen | Date last checked out | Bill Date | Koha item type | Shelving location |
|---|---|---|---|---|---|---|---|---|---|---|---|---|---|---|---|---|---|---|---|---|
| Dewey Decimal Classification | PHARMACY | SGT FA-FP Library | SGT FA-FP Library | 02/07/2015 | ABC DELHI | 170.00 | SGTU | 492 | 5 | 615.19 P13A | FP196 | 07/12/2019 | 30/11/2019 | 24/11/2014 | Books | |||||
| Dewey Decimal Classification | PHARMACY | SGT FA-FP Library | SGT FA-FP Library | 02/07/2015 | ABC DELHI | 170.00 | SGTU | 492 | 14 | 615.19 P13A | FP197 | 05/12/2019 | 21/11/2019 | 24/11/2014 | Books | |||||
| Dewey Decimal Classification | PHARMACY | SGT FA-FP Library | SGT FA-FP Library | 02/07/2015 | ABC DELHI | 170.00 | SGTU | 492 | 12 | 615.19 P13A | FP198 | 15/04/2021 | 01/04/2021 | 24/11/2014 | Books | |||||
| Dewey Decimal Classification | PHARMACY | SGT FA-FP Library | SGT FA-FP Library | 02/07/2015 | ABC DELHI | 170.00 | SGTU | 492 | 2 | 615.19 P13A | FP199 | 12/09/2018 | 29/08/2018 | 24/11/2014 | Books | |||||
| Dewey Decimal Classification | PHARMACY | SGT FA-FP Library | SGT FA-FP Library | 02/07/2015 | ABC DELHI | 170.00 | SGTU | 492 | 615.19 P13A | FP200 | 02/07/2015 | 24/11/2014 | Books | Reference Book |